| 000 | 01406 a2200325 4500 | ||
|---|---|---|---|
| 999 |
_c1610 _d1610 |
||
| 020 | _a9780821384398 | ||
| 050 | _aHC59.7 WOR 2011 | ||
| 245 |
_aConflict, security, and development / _c the World Bank. |
||
| 264 |
_aWashington, DC : _bWorld Bank, _c♭2011. |
||
| 300 |
_axxv, 384 pages : _bcolor illustrations, color maps ; 27 cm |
||
| 440 | _aWorld development report ; 2011 | ||
| 500 | _aIncludes bibliographical references (pages 297-334) and index. Includes bibliographical references and index. | ||
| 650 |
_aCivil war -- Economic aspects _xDeveloping countries. |
||
| 650 |
_aMortality _xDeveloping countries. |
||
| 650 |
_a Income distribution _xDeveloping countries. |
||
| 650 |
_a Poverty _xDeveloping countries. |
||
| 650 |
_aCivil war -- Social aspects _xDeveloping countries. |
||
| 650 |
_a Public health _xDeveloping countries. |
||
| 650 | _aEconomic development. | ||
| 650 |
_aDeveloping countries -- Politics and government _x21st century. |
||
| 650 |
_aCivil Disorders _xprevention & control. |
||
| 650 |
_aSecurity Measures _xorganization & administration. |
||
| 650 |
_aCivil Disorders _xstatistics & numerical data. |
||
| 650 | _aDissent and Disputes. | ||
| 650 |
_aDeveloping countries -- Economic conditions _x21st century. |
||
| 650 | _aConsensus. | ||
| 710 | _aWorld Bank. | ||
| 856 | _u10.1596/978-0-8213-8439-8 | ||
| 942 |
_2lcc _cBK _h59.7 _iWOR _kHC |
||